Philosophical foundations of the cognitive science of religion: a head start/

Saved in:
Bibliographic Details
Main Author: McCAULEY, Robert N.
Format: Book
Language:English
Published: Bloomsbury Academic 2017
Tags: Add Tag
No Tags, Be the first to tag this record!

MARC

LEADER 00000nam a22000007a 4500
008 210901b ||||| |||| 00| 0 eng d
020 |a  978-1-35010586-7 
100 |a McCAULEY, Robert N. 
245 |a Philosophical foundations of the cognitive science of religion:   |b  a head start/  |c Robert McCauley.-   |e (Scientific studies of religion: inquiry and explanation)  |g  xii, 1790 
260 |b Bloomsbury Academic  |c  2017  |h New York:   |i 696929—Arts .  |i 696930  |i  696931  |l BL53 .M13  |m  Religion.  |m Cognitive psychology.  |m Religion and culture.  |m Title.  |m  Series. 
500 |a “It includes index and references” 
942 |a lcc  |c BK  |e j. o.ifatola  |f 01/ 09/ 2021 
952 |0 0  |1 0  |2 lcc  |4 0  |6 BL0053 M13  |7 0  |9 3338  |a HOL  |b HOL  |c AF  |d 2021-09-01  |l 0  |o BL53 .M13  |p 2021-67049  |r 2021-09-01 00:00:00  |w 2021-09-01  |y BK 
952 |0 0  |1 0  |2 lcc  |4 0  |6 BL0053 M13  |7 0  |9 3339  |a HOL  |b HOL  |c AF  |d 2021-09-01  |l 0  |o BL53 .M13  |p 2021-67050  |r 2021-09-01 00:00:00  |w 2021-09-01  |y BK 
952 |0 0  |1 0  |2 lcc  |4 0  |6 BL0053 M13  |7 0  |9 3340  |a ART  |b HOL  |c AF  |d 2021-09-01  |l 0  |o BL53 .M13  |p 2021-67051  |r 2021-09-01 00:00:00  |w 2021-09-01  |y BK 
999 |c 1664  |d 1664